logo

Bir Sreshtho Munshi Abdur Rouf Library
Jhenaidah Cadet College

Power and policy in Western European democracies / (Record no. 9405)

MARC details
000 -LEADER
fixed length control field 01180cam a2200325 a 4500
001 - CONTROL NUMBER
JCCL Control Number 9405
003 - CONTROL NUMBER IDENTIFIER
JCCL marc code BD-JhCC
005 - DATE AND TIME OF LATEST TRANSACTION
control field 20180313192739.0
008 - FIXED-LENGTH DATA ELEMENTS--GENERAL INFORMATION
fixed length control field 900425s1991 nyuabf b 001 0 eng
020 ## - INTERNATIONAL STANDARD BOOK NUMBER
International Standard Book Number 0024295752
035 ## - SYSTEM CONTROL NUMBER
system control number (BD-JhCC)9405
040 ## - CATALOGING SOURCE
Original cataloging agency DLC
Transcribing agency DLC
Modifying agency DLC
-- BD-JhCC
041 ## - LANGUAGE CODE
Language code of Book eng
050 00 - LIBRARY OF CONGRESS CALL NUMBER
Classification number JN94.A2
Item number W66 1991
082 00 - DEWEY DECIMAL CLASSIFICATION NUMBER
Classification number 306.2/094
DDC Edition number 20
Author mark and Year WOO 1991
100 1# - MAIN ENTRY--PERSONAL NAME
Personal name Wood, David Michael,
Dates associated with a name 1934-
245 10 - TITLE STATEMENT
Title Power and policy in Western European democracies /
Statement of responsibility, etc David M. Wood.
250 ## - EDITION STATEMENT
Edition statement 4th ed.
260 ## - PUBLICATION, DISTRIBUTION, ETC. (IMPRINT)
Place of publication, distribution, etc New York :
Name of publisher, distributor, etc Macmillan Pub. Co.,
Date of publication, distribution, etc c1991.
300 ## - PHYSICAL DESCRIPTION
Pagination viii, 240 p., [3] p. of plates :
Other physical details ill., maps ;
Dimensions 24 cm.
500 ## - GENERAL NOTE
General note Cover title: Power & policy in Western European democracies.
500 ## - GENERAL NOTE
General note "... also forms part one of a three-part hardback text entitled Comparing political systems ... 4th edition"--Pref.
504 ## - BIBLIOGRAPHY, ETC. NOTE
Bibliography, etc Includes bibliographical references and index.
650 #0 - SUBJECT ADDED ENTRY--TOPICAL TERM
Topical term or geographic name as entry element Comparative government.
651 #0 - SUBJECT ADDED ENTRY--GEOGRAPHIC NAME
Geographic name Europe
Geographic subdivision Politics and government
Chronological subdivision 1945-
700 1# - ADDED ENTRY--PERSONAL NAME
Personal name Bertsch, Gary K.
Title of a work Comparing political systems.
740 0# -
Uncontrolled related/analytical title Power & policy in Western European democracies.
942 ## - ADDED ENTRY ELEMENTS (KOHA)
Source of classification or shelving scheme Dewey Decimal Classification
Koha item type Books
Holdings
Source of classification or shelving scheme Damaged status Not for loan Home library Current library Shelving location Total Checkouts Full call number Barcode Date last seen Copy number Koha item type
Dewey Decimal Classification     JCC Rouf Library JCC Rouf Library General Stacks   306.2/094 WOO 1991 12509 03/13/2018 C - 1 Books

JCC Library | Contacts | JCC Home

Last Update on 23 September 2017
Copyright @ 2017-2020 JCC Rouf Library
Rouf Library, Jhenidah Cadet College (JCC), Bangladesh